| 000 | 00986nas a2200301 4500 | ||
|---|---|---|---|
| 001 | BR2013010185 | ||
| 003 | BR-BrBNA | ||
| 005 | 20231205123418.0 | ||
| 007 | ta | ||
| 008 | 230509b bl.|||p| |||| 00| 00por d | ||
| 040 |
_aBR-BrBNA _bpor _cBiblioteca Nacional de Agricultura |
||
| 041 | _a(Pt) | ||
| 072 | _aF01 | ||
| 100 | 1 | _aCorrêa, J.C. | |
| 100 | 1 | _aHoffmann, H.P. | |
| 100 | 1 | _aMonquero, P. | |
| 100 | 1 | _aCasagrande, J.C. | |
| 100 | 1 | _aPuba, A.P. | |
| 245 | 1 | _aEfeito do intervalo de dessecação antecedendo a semeadura do milho e do uso de diferentes espécies de plantas de cobertura | |
| 650 | _aMILHETO | ||
| 650 | _aBRACHIARIA | ||
| 650 | _aPLANTIO DIRETO | ||
| 650 | _aABSORÇÃO DE NUTRIENTES | ||
| 773 | 0 |
_tRevista Brasileira de Ciência do Solo (Brazil) _xISSN 0100-0683 _g(Mar-Apr 2008), v. 32(2) p. 739-746 _wBR2013010185 |
|
| 856 | 4 | 0 | _uhttp://www.scielo.br/pdf/rbcs/v32n2/28.pdf |
| 909 |
_a202311 _bLúcia _c55 _dLúcia Elande |
||
| 942 |
_2AGRIS _n0 _cANA |
||
| 999 |
_c233738 _d233738 |
||